| 000 | 00628nam a2200229Ia 4500 | ||
|---|---|---|---|
| 003 | OSt | ||
| 005 | 20250708151651.0 | ||
| 008 | 210423s2019 xx 000 0 und d | ||
| 020 | _a978-0-670-09079-2 | ||
| 040 | _cAL | ||
| 041 | _aeng | ||
| 082 |
_a070.195 _223 _bKHAM |
||
| 100 |
_aVanita Kohli Khandekar _993548 |
||
| 245 | _aMaking of star India | ||
| 260 |
_aHaryana _bPortfolio Penguin _c2019 |
||
| 300 |
_axix,214 _bHB |
||
| 365 |
_b699 _cINR |
||
| 440 |
_aThe amazing story of Rupert Murdochs India adventure _993549 |
||
| 650 |
_aJournalism & Media _993550 |
||
| 906 | _aIndia ; Making ; star | ||
| 942 |
_2ddc _cBK |
||
| 999 |
_c170362 _d170362 |
||